Formule 1 - TOUS les vainqueurs de Grand Prix - Statistiques

Statistiques générales
  • Ce quiz a été pris 1 943 fois
  • Le résultat moyen est 50 sur 115
Statistiques - réponses
Nationalité Victoires Années en F1 Pilote % Correct
Grande-Bretagne 105 2007-présent Lewis Hamilton
95%
Pays-Bas 71 2015-présent Max Verstappen
94%
France 1 2017-présent Pierre Gasly
94%
France 51 1980-1991, 1993 Alain Prost
93%
Monaco 8 2018-présent Charles Leclerc
93%
France 1 2016-présent Esteban Ocon
92%
Brésil 41 1984-1994 Ayrton Senna
91%
Espagne 32 2001, 2003-2018, 2021-présent Fernando Alonso
91%
Allemagne 91 1991-2006, 2010-2012 Michael Schumacher
91%
Allemagne 6 1977-2007 Ralf Schumacher
91%
Espagne 4 2015-présent Carlos Sainz
89%
Australie 9 2023-présent Oscar Piastri
88%
Allemagne 53 2007-2022 Sebastian Vettel
88%
Mexique 6 2011-présent Sergio Pérez
88%
Grande-Bretagne 11 2019-présent Lando Norris
87%
Finlande 21 2001-2009, 2012-2021 Kimi Räikkönen
86%
Canada 6 1978-1982 Gilles Villeneuve
85%
Canada 11 1996-1999, 2001-2006 Jacques Villeneuve
85%
Argentine 24 1950-1958 Juan Manuel Fangio
83%
Finlande 5 1980, 1982-1986 Keke Rosberg
83%
Allemagne 23 2006-2016 Nico Rosberg
83%
Finlande 10 2013-présent Valterri Bottas
82%
Australie 8 2011-2024 Daniel Ricciardo
81%
Autriche 25 1973-1979, 1982-1985 Niki Lauda
80%
Grande-Bretagne 5 2019-présent George Russell
79%
Finlande 20 1991-2001 Mika Häkkinen
79%
Grande-Bretagne 22 1993-1999 Damon Hill
73%
Grande-Bretagne 14 1960-1975 Graham Hill
73%
Allemagne 1 1975-1977, 1979-1980 Jochen Mass
73%
Etats-Unis 3 1958-1962, 1964 Phil Hill
73%
Italie 13 1950-1955 Alberto Ascari
72%
Grande-Bretagne 15 2000-2016 Jenson Button
71%
Brésil 23 1979-1991 Nelson Piquet
70%
Australie 9 2002-2013 Mark Webber
69%
Pologne 1 2006-2010, 2019, 2021 Robert Kubica
69%
Brésil 11 2002, 2004-2017 Felipe Massa
67%
Italie 5 1950-1955 Giuseppe Farina
63%
Grande-Bretagne 31 1981-1992, 1994 Nigel Mansell
63%
Brésil 14 1970-1980 Emerson FIttipaldi
62%
Venezuela 1 2011-2015 Pastor Maldonado
60%
Grande-Bretagne 27 1965-1973 Jackie Stewart
58%
France 1 1989-2001 Jean Alesi
57%
Brésil 11 1993-2011 Rubens Barrichello
57%
Colombie 7 2001-2006 Juan-Pablo Montoya
56%
Etats-Unis 12 1970-1972, 1975-1982 Mario Andretti
56%
France 1 1994-1997, 1999, 2001-2004 Olivier Panis
55%
Afrique du Sud 10 1974-1980 Jody Scheckter
53%
Australie 14 1958-1970 Jack Brabham
52%
Grande-Bretagne 25 1960-1968 Jim Clark
51%
Grande-Bretagne 10 1973-1978 James Hunt
50%
Belgique 8 1967-1975, 1979 Jacky Ickx
48%
Australie 12 1975-1981, 1986 Alan Jones
45%
France 6 1975-1986 Jacques Laffite
45%
Grande-Bretagne 13 1994-2008 David Coulthard
43%
Finlande 1 2007-2013 Heikki Kovalainen
42%
Autriche 6 1965-1970 Jochen Rindt
39%
Nouvelle-Zélande 8 1965-1974 Denny Hulme
37%
Italie 3 1997-2009 Giancarlo Fisichella
37%
Italie 1 1997-2011 Jarno Trulli
37%
Nouvelle-Zélande 4 1959-1970 Bruce McLaren
35%
Grande-Bretagne 3 1952-1958 Mike Hawthorn
35%
France 7 1979-1987, 1989 René Arnoux
35%
Grande-Bretagne 6 1960-1971 John Surtees
34%
France 2 1978-1980 Jean-Pierre Jabouille
33%
Grande-Bretagne 16 1954-1961 Stirling Moss
33%
Autriche 10 1985-1997 Gerhard Berger
30%
Suisse 5 1970-1979 Clay Regazzoni
29%
France 3 1978-1982 Didier Pironi
28%
France 2 1952-1955, 1957-1959, 1964 Maurice Trintignant
27%
France 1 1970-1973 François Cevert
26%
Argentine 12 1972-1982 Carlos Reutemann
25%
Allemagne 3 1994-2003 Heinz-Harald Frentzen
25%
France 2 1977-1978, 1981-1986 Patrick Tambay
25%
Italie 6 1977-1984, 1986-1993 Riccardo Patrese
25%
Suède 10 1971-1978 Ronnie Peterson
25%
Grande-Bretagne 4 1993-2002 Eddie Irvine
22%
Belgique 3 1984-1985, 1987-1990, 1992 Thierry Boutsen
22%
Mexique 2 1964-1965, 1967-1971 Pedro Rodriguez
21%
Italie 5 1982-1989, 1992, 1994 Michele Alboreto
18%
France 2 1974-1979 Patrick Depailler
18%
France 1 1968-1974 Jean-Pierre Beltoise
17%
Italie 2 1979-1986 Elio de Angelis
16%
Allemagne 2 1957-1958, 1960-1961 Wolfgang von Trips
14%
Brésil 1 1972-1977 Carlos Pace
13%
Grande-Bretagne 3 1989, 1992-1993, 1995-2000 Johnny Herbert
13%
Argentine 2 1951-1955, 1957 Jose-Froilan Gonzalez
13%
Grande-Bretagne 5 1974-1983 John Watson
12%
Suisse 2 1963-1969, 1971 Jo Siffert
10%
Grande-Bretagne 6 1957-1961 Tony Brooks
10%
Italie 1 1986, 1988-1990 Alessandro Nannini
9%
Italie 1 1950-1951 Luigi Fagioli
9%
Etats-Unis 4 1959-1970 Dan Gurney
7%
Suède 1 1976-1977 Gunnar Nilsson
7%
Italie 1 1962-1966 Lorenzo Bandini
7%
Italie 1 1954-1958 Luigi Musso
7%
Grande-Bretagne 3 1956-1958 Peter Collins
7%
Suède 1 1958-1964, 1966-1968 Jo Bonnier
6%
Italie 1 1963, 1966-1968 Ludovico Scarfiotti
6%
Etats-Unis 2 1972-1973 Peter Revson
6%
Italie 1 1951-1952, 1955 Piero Taruffi
6%
Etats-Unis 1 1960-1966 Richie Ginther
6%
Italie 1 1961-1962 Giancarlo Baghetti
5%
Grande-Bretagne 1 1959-1964 Innes Ireland
5%
Italie 1 1974-1978 Vittorio Brambilla
5%
Etats-Unis 2 1952-1955 Bill Vukovich
4%
Etats-Unis 1 1952, 1957-1960 Jim Rathmann
4%
Grande-Bretagne 1 1970-1972 Peter Gethin
4%
Etats-Unis 1 1959-1960 Rodger Ward
4%
Etats-Unis 1 1952, 1954 Troy Ruttman
4%
Etats-Unis 1 1950, 1956 Johnnie Parsons
3%
Etats-Unis 1 1951 Lee Wallard
3%
Etats-Unis 1 1952-1953, 1956-1957 Sam Hanks
3%
Etats-Unis 1 1955 Bob Sweikert
2%
Etats-Unis 1 1954, 1957-1958 Jimmy Bryan
2%
Etats-Unis 1 1956 Pat Flaherty
2%
Aucun quiz correspondant
Distribution des résultats
% des personnes avec chaque résultat
Percentile par nombre de réponses
Votre historique - résultats
Vous n’avez pas pris ce quiz